| 000 | 00824nam a2200289 4500 | ||
|---|---|---|---|
| 001 | 16289 | ||
| 003 | BD-RjUL | ||
| 005 | 20211209000006.0 | ||
| 008 | 140213r19701968enkacg j b 001 0 eng | ||
| 020 | _a0713601132 | ||
| 035 | _a(BD-RjUL)16344 | ||
| 040 |
_aDLC _cDLC _dDLC _dBD-RjUL _beng |
||
| 041 | _aeng | ||
| 082 | 0 | 0 |
_a781 _bDAM 1970 |
| 100 | 1 |
_aDarlow, Denys. _950365 |
|
| 245 | 1 | 0 |
_aMusical instruments / _cDenys Darlow. |
| 250 | _a2nd ed. | ||
| 260 |
_aLondon : _bBlack, _cc1968 [Reprinted 1970]. |
||
| 300 |
_a80 p. : _bill., music, ports. ; _c25 cm. |
||
| 350 | _a12/6 | ||
| 490 | 0 | _aBlack's junior reference books, 12 | |
| 504 | _aBibliography: p. 79. and index. | ||
| 650 | 0 |
_aMusical instruments _xJuvenile literature. _950366 |
|
| 942 |
_2ddc _cBK |
||
| 999 |
_c16289 _d16289 |
||